روي شميم سي نزهت عشق كي بهتي هي = Ru-e-shamim se nuzhat ishque ki bahti hai (Record no. 2884)

MARC details
000 -LEADER
fixed length control field 00634nam a2200157 ar4500
001 - CONTROL NUMBER
control field 2886
005 - DATE AND TIME OF LATEST TRANSACTION
control field 20221127090620.0
008 - FIXED-LENGTH DATA ELEMENTS--GENERAL INFORMATION
fixed length control field 120715s ii 0001p|urd d
082 04 - DEWEY DECIMAL CLASSIFICATION NUMBER
Classification number 891.4391
Item number ت602ر
100 1# - MAIN ENTRY--PERSONAL NAME
Personal name ترين، حنيف شاه خان.
245 10 - TITLE STATEMENT
Title روي شميم سي نزهت عشق كي بهتي هي = Ru-e-shamim se nuzhat ishque ki bahti hai
Statement of responsibility, etc. / حنيف شاه خان ترين.
260 ## - PUBLICATION, DISTRIBUTION, ETC.
Place of publication, distribution, etc. نيودلهي :
Name of publisher, distributor, etc. اعجاز ببلشنك هاوس،
Date of publication, distribution, etc. 2011.
300 ## - PHYSICAL DESCRIPTION
Extent 128 ص. ؛
Dimensions 22 سم.
650 #4 - SUBJECT ADDED ENTRY--TOPICAL TERM
Topical term or geographic name entry element الشعر الاردي
Chronological subdivision العصر الحديث.
650 #4 - SUBJECT ADDED ENTRY--TOPICAL TERM
Topical term or geographic name entry element الادب الاردي
Chronological subdivision العصر الحديث.
Holdings
Withdrawn status Lost status Source of classification or shelving scheme Damaged status Not for loan Home library Current library Date acquired Total Checkouts Full call number Barcode Date last seen Copy number Price effective from Koha item type
          CENTRAL CENTRAL 11/27/2022   891.4391 ت602ر 1000000007331 11/27/2022 C1 11/27/2022 Book
          CENTRAL CENTRAL 11/27/2022   891.4391 ت602ر 1000000007332 11/27/2022 C2 11/27/2022 Book